00235nam a2200085Ia 4500008004100000082001100041100003000052245005900082300000800141210430s9999 xx 000 0 und d a355.43 aGen D Armee Andre Beaufre 3aAn Introduciton to StrategycGen D Armee Andre Beaufre a138